| 000 | 00554cam a2200169ua 4500 | ||
|---|---|---|---|
| 020 | _a81-204-0463-7 | ||
| 082 |
_a668.5 _bBHA/CH |
||
| 100 |
_aBhattacharyya, S C . _91469 |
||
| 245 | 0 | 0 | _aChemistry Analysis and Structure, Vol- 4 / |
| 250 | _a1 / | ||
| 260 |
_aNew Delhi : _bOxford & IBH Publishing company , _c1989. |
||
| 300 | _a270 ; . | ||
| 500 | _a11 the International Congress of Essential Oils Fragrances and Flavours. 12 - 16 November, 1989 New Delhi, India. | ||
| 700 | 1 |
_aSen, N . _91470 |
|
| 700 | 1 |
_aSethi, K L . _91471 |
|
| 942 | _cREF | ||
| 999 |
_c5469 _d5469 |
||